000 00744cam a22002413a 4500
001 14143
003 PGUSA
005 20140828083313.0
008 041124s2004||||xxu|||||s|||||000 | eng d
040 _aPGUSA
_beng
042 _adc
050 4 _aPT
100 1 _aSpitz, R. J.,
_d1889-1954
245 1 0 _aEen abel spel ende een edel dinc van den Hertoghe van Bruyswijc, hoe hi wert minnende des Roedelioens dochter van Abelant (Gloriant)
_h[electronic resource] /
_cR. J. Spitz
260 _bProject Gutenberg,
_c2004
506 _aPublic domain in the USA.
516 _aElectronic text
653 _aDrama
740 0 _aGloriant
830 0 _aProject Gutenberg
_v14143
856 4 0 _uhttp://www.gutenberg.org/ebooks/14143
942 _cEB
999 _c243398
_d243398